| 000 | 00833nam a2200265 a 4500 | ||
|---|---|---|---|
| 008 | |||
| 020 | _a0435800612 (pbk.) | ||
| 049 | _aMAIN | ||
| 090 |
_aQ181 _bIMI |
||
| 100 | 1 | _aImison,Tamsyn. | |
| 245 | 1 | 0 |
_aManaging ICT in the secondary school / _cTamsyn Imison and Phil Taylor. |
| 260 |
_aOxford : _bHeinemann Educational Publishers, _c2001. |
||
| 300 |
_aviii, 151 p. : _bill. ; _c22 cm. |
||
| 440 | _aHeinemann school management. | ||
| 504 | _aIncludes bibliographical references. | ||
| 500 | _aIncludes Index. | ||
| 650 | _aLearning through ICT. | ||
| 650 | 1 | _aInformation and communication technology (ICT). | |
| 700 | _aTaylor, Phil. | ||
| 907 |
_a.b10270127 _b29-05-13 _c20-10-09 |
||
| 003 | |||
| 005 | 20230123125458.0 | ||
| 040 | _cNUST | ||
| 942 |
_cBOOKS _kQ181 _mIMI |
||
| 999 |
_c142243 _d142243 |
||